书目信息 |
| 书名: | Mathematical principles of mechanics and electromagnetism | |
| 作者: | C.-C. Wang. | |
| 分册号: | ||
| 分册名: | Part B:Electromagnetism and Gravitation / | 出版地: | New York : |
|
| 出版社: | Plenum Press | |
| 出版时间: | c1979. | |
| 页数: | 2 v. (xiv, 386 p.) ; | |
| 开本: | 24 cm. | |
| 丛书名: | ||
| 中图分类号: | ||
| 科图分类号: | ||
| 其他分类号: | O3:H31 | |
| 主题词: | ||
| 电子资源: | ||
| 000 | 01194nam 2200373 a 4500 | |
| 001 | E0730937031 | |
| 005 | 20070226084338.40 | |
| 020 | @a0306402114 (pt. A). | |
| 090 | @aO3:H31 | |
| 099 | @dO3:H31@ex32:2 | |
| 100 | 1 | @aWang, Chao-Cheng,@d1938- |
| 245 | 10 | @aMathematical principles of mechanics and electromagnetism.@pPart B:Electromagnetism and Gravitation / @cC.-C. Wang. |
| 260 | @aNew York :@bPlenum Press,@cc1979. | |
| 300 | @a2 v. (xiv, 386 p.) ;@c24 cm. | |
| 490 | 0 | @aMathematical concepts and methods in science and engineering ;@vv. 16-17 |
| 504 | @aIncludes bibliographical references (pt. A, p. 197-198; pt. B, p. 385-386) and indexes. | |
| 505 | 0 | @apt. A. Analytical and continuum mechanics -- pt. B. Electromagnetism and gravitation. |
| 920 | @a211040@z1 | |
| 920 | @a211010@bO3@cW184 @z1 | |
| 920 | @a212010@z1 | |
| 920 | @a244050@z2 | |
| 920 | @a211060@z1 | |
| 920 | @a251050@z1 | |
| 920 | @a242120@z1 | |
| 920 | @a215010@z1 | |
| 920 | @a245010@z1 | |
| 920 | @a243040@z1 | |
| 920 | @a236010@z2 | |
| 920 | @a242030@z2 | |
| 920 | @a222020@z2 | |
| 920 | @a231030@bO3-02@cW246M@z1 | |
| 920 | @a242010@z1 | |
| 920 | @a231220@z1 | |
| 998 | @aPUL | |
| Mathematical principles of mechanics and electromagnetism.. Part B:Electromagnetism and Gravitation / / C.-C. Wang.-New York : : Plenum Press, , c1979. |
| 2 v. (xiv, 386 p.) ; ; 24 cm.- (Mathematical concepts and methods in science and engineering ; v. 16-17) |
| Includes bibliographical references (pt. A, p. 197-198; pt. B, p. 385-386) and indexes.-pt. A. Analytical and continuum mechanics -- pt. B. Electromagnetism and gravitation. |
| ISBN 0306402114 (pt. A). |
| ● |
| 相关链接 |
|
|
|
|
正题名:Mathematical principles of mechanics and electromagnetism
索取号:O3:H31/x32:2
 
预约/预借
| 序号 | 登录号 | 条形码 | 馆藏地/架位号 | 状态 | 备注 |
| 1 | 129493 | 000452913 | 第四借阅区/ [索取号:O3:H31/x32:2] | 在馆 | |
| 2 | 129494 | 000452833 | 第四借阅区/ [索取号:O3:H31/x32:2] | 在馆 | |
| 3 | 129495 | 000452879 | 第四借阅区/ [索取号:O3:H31/x32:2] | 在馆 | |
| 4 | 129496 | 000453075 | 第四借阅区/ [索取号:O3:H31/x32:2] | 在馆 | |
| 5 | 129497 | 000453039 | 第二样本阅览室/ [索取号:O3:H31/x32:2] | 在馆 |